Т. 2; Энергетики России и СНГ

Λεπτομέρειες βιβλιογραφικής εγγραφής
Parent link:Энергетики России и СНГ: энциклопедия: в 2 т./ сост. А. И. Мелуа. Т. 2.— 4-е изд., доп..— , 2007
Περίληψη:Включает творческие биографии ведущих специалистов в области энергетики, гидротехники, ряда смежных дисциплин. Составлена на основе материалов, представленных отдельными организациями, работающими в области энергетики, а также компьютерных баз данных Научного издательства "Гуманистика"; архивов и коллекций научных институтов, библиотек и исследователей, историко-научных публикаций. Названия организаций, представивших материалы, приведены в биографических статьях.
Γλώσσα:Ρωσικά
Έκδοση: 2007
Θέματα:
Μορφή: Βιβλίο
KOHA link:https://koha.lib.tpu.ru/cgi-bin/koha/opac-detail.pl?biblionumber=165225

MARC

LEADER 00000nam2a2200000 4500
001 165225
005 20231101222533.0
010 |a 5860502923 
035 |a (RuTPU)RU\TPU\book\179239 
035 |a RU\TPU\book\172159 
090 |a 165225 
100 |a 20090916d2007 km y0rusy50 ca 
101 0 |a rus 
102 |a RU 
105 |a a f 000zd 
200 0 |a Т. 2 
210 |d 2007 
215 |a 461 с.  |c ил. 
330 |a Включает творческие биографии ведущих специалистов в области энергетики, гидротехники, ряда смежных дисциплин. Составлена на основе материалов, представленных отдельными организациями, работающими в области энергетики, а также компьютерных баз данных Научного издательства "Гуманистика"; архивов и коллекций научных институтов, библиотек и исследователей, историко-научных публикаций. Названия организаций, представивших материалы, приведены в биографических статьях. 
461 1 |0 (RuTPU)RU\TPU\book\181719  |t Энергетики России и СНГ  |o энциклопедия: в 2 т.  |f сост. А. И. Мелуа  |v Т. 2  |e 4-е изд., доп.  |d 2007 
606 1 |a Энергетика  |2 stltpush  |3 (RuTPU)RU\TPU\subj\21200  |9 46224 
610 1 |a энергетические предприятия 
610 1 |a гидротехника 
610 1 |a специалисты 
610 1 |a энергетики 
610 1 |a биографии 
610 1 |a Россия 
610 1 |a СНГ 
610 1 |a энциклопедии 
675 |a 620.9(092)(031)  |v 3 
801 1 |a RU  |b 63413507  |c 20090428  |g PSBO 
801 2 |a RU  |b 63413507  |c 20120705  |g RCR 
942 |c BK 
959 |a 52/20090421  |d 1  |e 1980,00  |f ЧЗТЛ:1